000 00615nam a22001695i 4500
001 152798
003 ES-MaACL
005 20230906204857.0
008 051018s1900 fr | |||||||| ||fre d
040 _aCAM
_bspa
_cCAM
100 1 _aBrunetière, Ferdinand.
_932173
245 1 3 _aLa liberté de l'enseignement /
_cFerdinand Brunétiere.
260 _aParis :
_bPerrin et Cie. libraires-éditeurs,
_c1900 (
_fImp. A. Quelquejeu)
300 _a16 p. ;
_c24 cm.
650 4 _aLibertad de enseñanza.
_914404
852 _aES-MaACL
_jT-1140-F-12
_z-- Enc. hol. conservando la cub. original
_z-- Enc. en un vol. facticio
999 _c152798
_d152798